Honorable justice : (Record no. 1066)

000 -LEADER
fixed length control field 01099nam a22003377a 4500
001 - CONTROL NUMBER
control field 2454024
003 - CONTROL NUMBER IDENTIFIER
control field OSt
005 - DATE AND TIME OF LATEST TRANSACTION
control field 20210426124704.0
008 - FIXED-LENGTH DATA ELEMENTS--GENERAL INFORMATION
fixed length control field 890306s1989 mauaf b 001 0beng
010 ## - LIBRARY OF CONGRESS CONTROL NUMBER
LC control number 89031651
020 ## - INTERNATIONAL STANDARD BOOK NUMBER
International Standard Book Number 0316613258
040 ## - CATALOGING SOURCE
Original cataloging agency DLC
Transcribing agency DLC
Modifying agency DLC
Language of cataloging eng
041 ## - LANGUAGE CODE
Language code of text/sound track or separate title eng
043 ## - GEOGRAPHIC AREA CODE
Geographic area code n-us---
050 00 - LIBRARY OF CONGRESS CALL NUMBER
Classification number KF8745.H6
Item number N69 1989
080 ## - UNIVERSAL DECIMAL CLASSIFICATION NUMBER
Universal Decimal Classification number 92
Item number N-89
082 00 - DEWEY DECIMAL CLASSIFICATION NUMBER
Classification number 347.73/2634
-- B
-- 347.3073534
-- B
Edition number 20
100 1# - MAIN ENTRY--PERSONAL NAME
Personal name Novick, Sheldon M.
245 10 - TITLE STATEMENT
Title Honorable justice :
Remainder of title the life of Oliver Wendell Holmes /
Statement of responsibility, etc. / by: Little, Brown and Company
250 ## - EDITION STATEMENT
Edition statement 1st edition
260 ## - PUBLICATION, DISTRIBUTION, ETC.
Place of publication, distribution, etc. Boston
Name of publisher, distributor, etc. Little, Brown and Company
Date of publication, distribution, etc. c1989.
300 ## - PHYSICAL DESCRIPTION
Extent xxi, 522 p., [16] p. of plates
Other physical details ill.
Dimensions 25 cm.
365 ## - TRADE PRICE
Price amount 24.95 usd
504 ## - BIBLIOGRAPHY, ETC. NOTE
Bibliography, etc. note Includes bibliographical references.
600 10 - SUBJECT ADDED ENTRY--PERSONAL NAME
Personal name Holmes, Oliver Wendell,
Titles and other words associated with a name Jr.,
Dates associated with a name 1841-1935.
650 #0 - SUBJECT ADDED ENTRY--TOPICAL TERM
Topical term or geographic name entry element Judges
Geographic subdivision United States
General subdivision Biography.
653 ## - INDEX TERM--UNCONTROLLED
Uncontrolled term ბიოგრაფია
906 ## - LOCAL DATA ELEMENT F, LDF (RLIN)
a 7
b cbc
c orignew
d 1
e ocip
f 19
g y-gencatlg
942 ## - ADDED ENTRY ELEMENTS (KOHA)
Source of classification or shelving scheme
Koha item type Books
Edition 1
Holdings
Withdrawn status Lost status Source of classification or shelving scheme Damaged status Not for loan Permanent location Current location Date acquired Inventory number Total Checkouts Full call number Barcode Date last seen Price effective from Koha item type
          Ken Walker International University Ken Walker International University 02/01/2021 2544   92 N-89 2544 02/01/2021 02/01/2021 Books

Powered by Koha